| 000 -LEADER |
| fixed length control field |
00741cam a2200229 a 4500 |
| 001 - CONTROL NUMBER |
| control field |
486 |
| 003 - CONTROL NUMBER IDENTIFIER |
| control field |
BD-DhUAP |
| 005 - DATE AND TIME OF LATEST TRANSACTION |
| control field |
20201231104956.0 |
| 008 - FIXED-LENGTH DATA ELEMENTS--GENERAL INFORMATION |
| fixed length control field |
201231s1996 bg abf b f000 0 eng |
| 020 ## - INTERNATIONAL STANDARD BOOK NUMBER |
| International Standard Book Number |
9840513613 |
| 040 ## - CATALOGING SOURCE |
| Original cataloging agency |
BD-DhUAP |
| Transcribing agency |
BD-DhUAP |
| Modifying agency |
BD-DhUAP |
| Language of cataloging |
Eng |
| 082 ## - DEWEY DECIMAL CLASSIFICATION NUMBER |
| Classification number |
954.9205 MUH |
| Edition number |
23 |
| 100 ## - MAIN ENTRY--PERSONAL NAME |
| Personal name |
Muhith, A. M. A. |
| 245 ## - TITLE STATEMENT |
| Title |
American response to Bangladesh liberation war / |
| Statement of responsibility, etc. |
A. M. A. Muhith. |
| 260 ## - PUBLICATION, DISTRIBUTION, ETC. |
| Place of publication, distribution, etc. |
Dhaka : |
| Name of publisher, distributor, etc. |
University press Ltd., |
| Date of publication, distribution, etc. |
c1996. |
| 300 ## - PHYSICAL DESCRIPTION |
| Extent |
xiii, 499 pages ; |
| Dimensions |
25 cm. |
| 504 ## - BIBLIOGRAPHY, ETC. NOTE |
| Bibliography, etc. note |
Includes bibliographical references and index. |
| 650 ## - SUBJECT ADDED ENTRY--TOPICAL TERM |
| Topical term or geographic name entry element |
War--Causes |
| Geographic subdivision |
United States |
| -- |
Bangladesh. |
| 650 ## - SUBJECT ADDED ENTRY--TOPICAL TERM |
| Topical term or geographic name entry element |
Diplomatic relations. |
| 942 ## - ADDED ENTRY ELEMENTS (KOHA) |
| Source of classification or shelving scheme |
|
| Koha item type |
Book |